The life of Ludwig van Beethoven / (Record no. 129399)

MARC details
000 -LEADER
campo de control de longitud fija 00634nam a2200193 i 4500
001 - NÚMERO DE CONTROL
campo de control 129399
003 - IDENTIFICADOR DE NÚMERO DE CONTROL
campo de control ES-MaACL
005 - FECHA Y HORA DE LA ÚLTIMA TRANSACCIÓN
campo de control 20250516170134.0
007 - CAMPO FIJO DE DESCRIPCIÓN FÍSICA--INFORMACIÓN GENERAL
campo de control de longitud fija t|
008 - DATOS DE LONGITUD FIJA--INFORMACIÓN GENERAL
campo de control de longitud fija 070614q1921 xxu ||||1| eng d
100 1# - ENTRADA PRINCIPAL--NOMBRE DE PERSONA
Nombre de persona Thayer, Alexander Wheelock.
9 (RLIN) 109876
245 14 - MENCIÓN DEL TÍTULO
Título The life of Ludwig van Beethoven /
Mención de responsabilidad, etc. by Alexander Wheelock Thayer ; edited by Henry Edwar Krehbiel.
260 ## - PUBLICACIÓN, DISTRIBUCIÓN, ETC.
Lugar de publicación, distribución, etc. [New York :
Nombre del editor, distribuidor, etc. G. Schirmer,
Fecha de publicación, distribución, etc. 1921?]
300 ## - DESCRIPCIÓN FÍSICA
Extensión 3 v. ;
Dimensiones 26 cm.
600 17 - PUNTO DE ACCESO ADICIONAL DE MATERIA--NOMBRE DE PERSONA
Nombre de persona Beethoven, Ludwig van,
Fechas asociadas al nombre 1770-1827
Fuente del encabezamiento o término embne
9 (RLIN) 240507
700 1# - ENTRADA AGREGADA--NOMBRE PERSONAL
Nombre de persona Krehbiel, Henry Edward.
9 (RLIN) 68793
852 ## - LOCALIZACIÓN
Ubicación ES-MaACL
Número de control de estantería C-1429-31
Holdings
Estatus retirado Estado de pérdida Estado de daño No para préstamo Biblioteca de origen Biblioteca actual Ubicación en estantería Fecha de adquisición Fuente de adquisición Total de préstamos Signatura topográfica completa Código de barras Visto por última vez Precio de reemplazo Tipo de ítem Koha
        Biblioteca del Ateneo de Madrid Biblioteca del Ateneo de Madrid Sala Palomar 17/01/2008     C-1429-31 1134751 23/02/2023 23/02/2023 Libro impreso